000 01338nam a2200373 i 4500
001 197529
003 ES-MaACL
005 20250805062642.0
007 ta
008 900725r19811613sp spa
016 7 _abimoBNE19971394164
_zIND9100155347
_2SpMaBN
017 _aV 325-1982
_bOficina Depósito Legal Valencia
020 _a8460025861
035 _a(OCoLC)431282853
035 _a(SpMaBN)bimo0000659236
035 _a991029873079708606
040 _aSpMaBN
_bspa
_cA2
_dES-MaACL
080 _a860-32"16"
100 1 _aCervantes Saavedra, Miguel de,
_d1547-1616
_9226514
_eaut
245 1 0 _aNovelas ejemplares /
_cMiguel de Cervantes
260 _aMadrid :
_bReal Academia Española,
_c1981
300 _a15 h. 274 f., 1 h. ;
_c26 cm
336 _2rdacontent
_atexto
337 _2rdamedia
_asin mediación
338 _2rdacarrier
_avolumen
534 _pReprod. facs. de la ed. de:
_cMadrid: Juan de la Cuesta, 1613
710 2 _aReal Academia Española
_96336
852 _aES-MaACL
_cDEPO1
_jA-15612
_hDonación: Fernando Codina Rodríguez
_xEncuadernación rústica
_9205970
903 _aCodina Rodríguez, Fernando
_ednr
_9238631
942 _n0
_cMONOGRAFIA
999 _c197529
_d197529